000 00516nam a2200181Ia 4500
008 090630s9999 xx 000 0 und d
082 _b16708
100 _aदेशपांडे पु. ल.
245 _aदाद.
_cदेशपांडे पु. ल.
260 _bमौज.
300 _a0
600 _aदेशपांडे पु. ल.
630 _aदाद.
655 _aलघुकथा.
700 _aदेशपांडे पु. ल.
730 _aदाद.
942 _cBOOK
999 _c268564
_d268564